书目信息 |
| 题名: |
体育舞蹈双语教程
|
|
| 作者: | 周龙慧 , 饶平 主编 | |
| 分册: | ||
| 出版信息: | 湘潭 湘潭大学出版社 2008 |
|
| 页数: | 291页 | |
| 开本: | 30cm | |
| 丛书名: | 英汉对照体育双语丛书 | |
| 单 册: | ||
| 中图分类: | J732.8 | |
| 科图分类: | ||
| 主题词: | 交际舞--双语教学--教材 , 交际舞 , 双语教学 | |
| 电子资源: | ||
| ISBN: | 978-7-81128-068-5 | |
| 000 | 01070oam2 2200313 45 | |
| 001 | 1132110296 | |
| 005 | 20110310102811.40 | |
| 010 | @a978-7-81128-068-5@dCNY36.00 | |
| 100 | @a20110123d2008 em y0chiy50 ea | |
| 101 | 0 | @achi@aeng |
| 102 | @aCN@b430000 | |
| 105 | @ay z 000yy | |
| 106 | @ar | |
| 200 | 1 | @a体育舞蹈双语教程@ATi Yu Wu Dao Shuang Yu Jiao Cheng@f周龙慧,饶平主编@FZhou Long Hui, Rao Ping Zhu Bian |
| 210 | @a湘潭@c湘潭大学出版社@d2008 | |
| 215 | @a291页@c图@d30cm | |
| 225 | 2 | @a英汉对照体育双语丛书 |
| 312 | @a封面英文题名:Dancesport: a course book in English-Chinese | |
| 330 | @a本书内容包括:体育舞蹈绪论、体育舞蹈的姿态与方位、体育舞蹈的动作、体育舞蹈述语表等。 | |
| 461 | 0 | @12001@@a英汉对照体育双语丛书 |
| 510 | 1 | @aDancesport: a course book in English-Chinese@zeng |
| 606 | 0 | @a交际舞@x双语教学@j教材 |
| 606 | 0 | @a交际舞 |
| 606 | 0 | @a双语教学 |
| 690 | @aJ732.8@v4 | |
| 701 | 0 | @a周龙慧@AZhou Long Hui@4主编 |
| 701 | 0 | @a饶平@ARao Ping@4主编 |
| 801 | 0 | @aCN@bTANGWEI@c20110310 |
| 905 | @b0532725-28@dJ732.8@e114@f4 | |
| 体育舞蹈双语教程/周龙慧,饶平主编.-湘潭:湘潭大学出版社,2008 |
| 291页:图;30cm.-(英汉对照体育双语丛书) |
| ISBN 978-7-81128-068-5:CNY36.00 |
| 本书内容包括:体育舞蹈绪论、体育舞蹈的姿态与方位、体育舞蹈的动作、体育舞蹈述语表等。 |
| ● |
| 相关链接 |
|
|
|
|
正题名:体育舞蹈双语教程
索取号:J732.8/114
 
预约/预借
| 序号 | 登录号 | 条形码 | 馆藏地/架位号 | 状态 | 备注 |
| 1 | 0532725 | 205327252 | 第一样本阅览室/ [索取号:J732.8/114] | 在馆 | |
| 2 | 0532726 | 205327261 | 第一借阅区/ [索取号:J732.8/114] | 在馆 | |
| 3 | 0532727 | 205327270 | 第一借阅区/ [索取号:J732.8/114] | 在馆 | |
| 4 | 0532728 | 205327289 | 密集书库-体育系/ [索取号:J732.8/114] | 在馆 |